Normal view
MARC view
- Kemprecos, Paul.
Entry Personal Name
001 - CONTROL NUMBER
- control field: 12110
003 - CONTROL NUMBER IDENTIFIER
- control field: NUST
005 - DATE AND TIME OF LATEST TRANSACTION
- control field: 20180730092447.0
008 - FIXED-LENGTH DATA ELEMENTS
- fixed length control field: 180730|| aca||aabn | a|a d
040 ## - CATALOGING SOURCE
- Original cataloging agency: NUST
- Transcribing agency: NUST
100 ## - HEADING--PERSONAL NAME
- Personal name: Kemprecos, Paul.
670 ## - SOURCE DATA FOUND
- Source citation: Work cat.: (NUST)174438: Cussler, Clive. 12104, The navigator :, 2007.
